000 00499nam a2200169Ia 4500
008 240729s9999 xx 000 0 und d
022 _a2197-425X
245 0 _aIntensive Care Medicine Experimental
260 _aUnited Kingdom
260 _bSpringerOpen
650 _a Internal medicine
650 _a Medical emergencies. Critical care. Intensive care. First aid
650 _aMedicine
856 _uhttps://doaj.org/toc/926fa03163ce40ca9b9ab8b292a5ecf2
942 _2ddc
942 _cDOAJEJ
999 _c74393
_d74393
945 _a1
_bMadushi Gamage
_c1
_dMadushi Gamage